[Event "Limba Open M"]
[Site "Poronin"]
[Date "2021.05.28"]
[Round "9.2"]
[White "Kosakowski, Jakub"]
[Black "Zylka, Stanislaw"]
[Result "1/2-1/2"]
[BlackElo "2376"]
[WhiteElo "2441"]
[LiveChessVersion "1.4.8"]

1. e4 {[%clk 1:30:32]} e5 {[%clk 1:30:33]} 2. Nf3 {[%clk 1:30:36]} Nc6
{[%clk 1:30:57]} 3. Bb5 {[%clk 1:30:03]} a6 {[%clk 1:30:43]} 4. Ba4
{[%clk 1:30:22]} Nf6 {[%clk 1:31:04]} 5. O-O {[%clk 1:30:38]} b5 {[%clk 1:31:27]}
6. Bb3 {[%clk 1:30:59]} Bc5 {[%clk 1:31:50]} 7. a4 {[%clk 1:30:51]} Rb8
{[%clk 1:32:15]} 8. c3 {[%clk 1:29:46]} d6 {[%clk 1:32:26]} 9. d4
{[%clk 1:28:53]} Bb6 {[%clk 1:32:45]} 10. Qd3 {[%clk 1:22:51]} O-O
{[%clk 1:31:40]} 11. Bg5 {[%clk 1:22:13]} h6 {[%clk 1:31:48]} 12. Bxf6
{[%clk 1:21:21]} Qxf6 {[%clk 1:32:10]} 13. axb5 {[%clk 1:21:43]} axb5
{[%clk 1:32:33]} 14. Qxb5 {[%clk 1:21:43]} Na7 {[%clk 1:31:27]} 15. dxe5
{[%clk 1:15:24]} Qxf3 {[%clk 1:21:21]} 16. Qxb6 {[%clk 1:14:19]} Rxb6
{[%clk 1:20:49]} 17. gxf3 {[%clk 1:14:35]} Rxb3 {[%clk 1:20:03]} 18. Rxa7
{[%clk 1:14:58]} dxe5 {[%clk 1:17:22]} 19. Rxc7 {[%clk 0:53:35]} Rxb2
{[%clk 1:16:44]} 20. Kg2 {[%clk 0:26:53]} Be6 {[%clk 1:12:18]} 21. Na3
{[%clk 0:19:09]} Ra8 {[%clk 1:10:05]} 22. Nc4 {[%clk 0:18:22]} Bxc4
{[%clk 1:09:56]} 23. Rxc4 {[%clk 0:18:46]} Rc2 {[%clk 1:08:34]} 24. Rc5
{[%clk 0:14:16]} f6 {[%clk 1:07:39]} 25. Rc7 {[%clk 0:12:55]} Ra3
{[%clk 1:07:04]} 26. Rd1 {[%clk 0:12:03]} Raa2 {[%clk 1:06:17]} 27. Rf1
{[%clk 0:12:25]} Ra3 {[%clk 1:06:37]} 28. c4 {[%clk 0:12:48]} Rac3
{[%clk 1:06:39]} 29. Rd1 {[%clk 0:12:19]} Rxc4 {[%clk 1:06:53]} 30. Re7
{[%clk 0:12:44]} Rc7 {[%clk 1:06:57]} 31. Rd8+ {[%clk 0:13:08]} 1/2-1/2

[Event "Limba Open M"]
[Site "Poronin"]
[Date "2021.05.28"]
[Round "9.3"]
[White "Licznerski, Lukasz"]
[Black "Czerw, Dawid"]
[Result "1/2-1/2"]
[BlackElo "2278"]
[WhiteElo "2382"]
[LiveChessVersion "1.4.8"]

1. e4 {[%clk 1:28:48]} c5 {[%clk 1:30:56]} 2. Nf3 {[%clk 1:29:00]} g6
{[%clk 1:31:22]} 3. d4 {[%clk 1:28:51]} cxd4 {[%clk 1:31:46]} 4. Nxd4
{[%clk 1:29:16]} Nc6 {[%clk 1:32:12]} 5. Nc3 {[%clk 1:29:02]} Bg7
{[%clk 1:32:37]} 6. Be3 {[%clk 1:29:25]} Nf6 {[%clk 1:32:59]} 7. Bc4
{[%clk 1:29:41]} Qa5 {[%clk 1:32:51]} 8. O-O {[%clk 1:29:54]} O-O
{[%clk 1:33:16]} 9. Bb3 {[%clk 1:29:50]} d6 {[%clk 1:33:40]} 10. h3
{[%clk 1:30:17]} Bd7 {[%clk 1:34:05]} 11. Re1 {[%clk 1:29:21]} Rac8 12. Qd2
{[%clk 1:23:31]} Ne5 {[%clk 1:24:38]} 13. Nd5 {[%clk 1:20:33]} Qd8
{[%clk 1:24:18]} 14. Bh6 {[%clk 1:19:47]} Bxh6 {[%clk 1:15:46]} 15. Qxh6
{[%clk 1:19:40]} e6 {[%clk 1:14:53]} 16. Nxf6+ {[%clk 1:13:07]} Qxf6
{[%clk 1:15:15]} 17. Rad1 {[%clk 1:11:01]} Rfd8 {[%clk 1:09:10]} 18. Re2
{[%clk 0:58:26]} Nc4 {[%clk 1:02:07]} 19. c3 {[%clk 0:57:03]} e5 {[%clk 0:53:49]}
20. Nf3 {[%clk 0:48:10]} Qe7 {[%clk 0:45:52]} 21. Bxc4 {[%clk 0:29:58]} Rxc4
{[%clk 0:46:12]} 22. Qe3 {[%clk 0:30:16]} b6 {[%clk 0:41:25]} 23. Qd3
{[%clk 0:28:18]} Bb5 {[%clk 0:35:28]} 24. Nd2 {[%clk 0:26:47]} d5
{[%clk 0:26:17]} 25. Nxc4 {[%clk 0:07:24]} Bxc4 {[%clk 0:26:27]} 26. Qd2
{[%clk 0:07:51]} Bxe2 {[%clk 0:26:31]} 27. Qxe2 {[%clk 0:08:17]} dxe4
{[%clk 0:23:09]} 28. Rxd8+ {[%clk 0:08:38]} Qxd8 {[%clk 0:23:34]} 29. Qxe4
{[%clk 0:09:04]} Qd2 {[%clk 0:23:01]} 30. Qxe5 {[%clk 0:05:12]} Qxb2
{[%clk 0:23:19]} 31. Qb8+ {[%clk 0:05:13]} Kg7 {[%clk 0:23:44]} 32. Qxa7
{[%clk 0:05:36]} Qc1+ {[%clk 0:24:09]} 33. Kh2 {[%clk 0:06:03]} Qf4+
{[%clk 0:24:33]} 1/2-1/2

[Event "Limba Open M"]
[Site "Poronin"]
[Date "2021.05.28"]
[Round "9.4"]
[White "Psyk, Radoslaw"]
[Black "Fus, Jakub"]
[Result "1-0"]
[BlackElo "2420"]
[WhiteElo "2387"]
[LiveChessVersion "1.4.8"]

1. e4 {[%clk 1:25:32]} e5 {[%clk 1:29:23]} 2. Nf3 {[%clk 1:24:38]} Nc6
{[%clk 1:29:41]} 3. Bb5 {[%clk 1:24:29]} a6 {[%clk 1:29:52]} 4. Ba4
{[%clk 1:24:52]} Nf6 {[%clk 1:30:06]} 5. O-O {[%clk 1:24:16]} Be7
{[%clk 1:29:55]} 6. Re1 {[%clk 1:23:49]} b5 {[%clk 1:30:00]} 7. Bb3
{[%clk 1:24:11]} d6 {[%clk 1:30:09]} 8. c3 {[%clk 1:22:39]} O-O {[%clk 1:30:19]}
9. d3 {[%clk 1:20:51]} Bb7 {[%clk 1:22:31]} 10. Nbd2 {[%clk 1:20:00]} Nd7
{[%clk 1:22:36]} 11. Nf1 {[%clk 1:18:24]} Bf6 {[%clk 1:17:59]} 12. Ne3
{[%clk 1:13:06]} Na5 {[%clk 1:17:47]} 13. Bc2 {[%clk 1:09:15]} g6
{[%clk 1:13:29]} 14. b4 {[%clk 1:02:50]} Nc6 {[%clk 1:11:42]} 15. a4
{[%clk 1:02:57]} Bg7 {[%clk 1:10:23]} 16. Bb3 {[%clk 0:48:50]} h6
{[%clk 1:07:12]} 17. Ng4 {[%clk 0:44:55]} Kh7 {[%clk 0:59:07]} 18. axb5
{[%clk 0:35:03]} axb5 {[%clk 0:59:02]} 19. Rxa8 {[%clk 0:35:31]} Bxa8
{[%clk 0:59:00]} 20. Qd2 {[%clk 0:35:45]} h5 {[%clk 0:32:43]} 21. Nh6
{[%clk 0:34:58]} f6 {[%clk 0:29:30]} 22. Qe3 {[%clk 0:04:15]} Qe8
{[%clk 0:15:15]} 23. g4 {[%clk 0:04:14]} Nd8 {[%clk 0:11:00]} 24. gxh5
{[%clk 0:04:03]} c5 {[%clk 0:07:52]} 25. Nh4 {[%clk 0:01:23]} g5 {[%clk 0:07:04]}
26. N6f5 {[%clk 0:01:51]} c4 {[%clk 0:02:57]} 27. dxc4 {[%clk 0:01:57]} gxh4
{[%clk 0:01:54]} 28. Nxg7 {[%clk 0:01:56]} Kxg7 {[%clk 0:02:21]} 29. Qh6+
{[%clk 0:02:16]} Kf7 {[%clk 0:02:47]} 30. Qh7+ {[%clk 0:01:06]} Ke6
{[%clk 0:03:15]} 31. c5+ {[%clk 0:00:58]} d5 {[%clk 0:03:42]} 32. exd5+
{[%clk 0:01:04]} Bxd5 {[%clk 0:04:08]} 33. Rd1 {[%clk 0:01:10]} Nb6 34. f4
{[%clk 0:00:46]} Qf7 {[%clk 0:01:59]} 35. Bxd5+ {[%clk 0:00:33]} Nxd5
{[%clk 0:02:25]} 36. f5+ {[%clk 0:01:02]} Ke7 {[%clk 0:02:47]} 37. Qxf7+
{[%clk 0:01:24]} Nxf7 {[%clk 0:01:43]} 38. Rxd5 {[%clk 0:01:53]} Rh8
{[%clk 0:01:58]} 39. h6 {[%clk 0:01:56]} e4 {[%clk 0:01:09]} 40. c6
{[%clk 0:31:56]} Ne5 {[%clk 0:30:58]} 41. c7 {[%clk 0:31:41]} Rg8+
{[%clk 0:30:51]} 42. Kf1 {[%clk 0:31:12]} Rc8 {[%clk 0:29:01]} 43. Rxe5+
{[%clk 0:29:34]} fxe5 {[%clk 0:29:27]} 44. Bg5+ {[%clk 0:30:01]} 1-0

[Event "Limba Open M"]
[Site "Poronin"]
[Date "2021.05.28"]
[Round "9.5"]
[White "Pacan-Milej, Kosma"]
[Black "Luberanski, Jakub"]
[Result "0-1"]
[BlackElo "2240"]
[WhiteElo "2436"]
[LiveChessVersion "1.4.8"]

1. d4 {[%clk 1:30:56]} Nf6 {[%clk 1:30:56]} 2. c4 {[%clk 1:31:20]} g6
{[%clk 1:31:23]} 3. Nc3 {[%clk 1:31:41]} d5 {[%clk 1:31:49]} 4. cxd5
{[%clk 1:32:07]} Nxd5 {[%clk 1:32:15]} 5. e4 {[%clk 1:32:30]} Nxc3
{[%clk 1:32:40]} 6. bxc3 {[%clk 1:32:57]} Bg7 {[%clk 1:33:05]} 7. Qa4+
{[%clk 1:33:23]} Qd7 {[%clk 1:29:19]} 8. Qxd7+ {[%clk 1:33:32]} Nxd7
{[%clk 1:28:55]} 9. Nf3 {[%clk 1:22:30]} O-O {[%clk 1:28:12]} 10. Bd3
{[%clk 1:14:09]} c5 {[%clk 1:18:59]} 11. Rb1 {[%clk 1:13:01]} Rd8
{[%clk 1:08:19]} 12. Ke2 {[%clk 0:54:02]} b6 {[%clk 1:00:35]} 13. Be3
{[%clk 0:47:18]} Bb7 {[%clk 0:58:13]} 14. h3 {[%clk 0:34:38]} Rac8 15. Rhc1
{[%clk 0:32:52]} e5 {[%clk 0:45:31]} 16. d5 {[%clk 0:26:26]} f5 {[%clk 0:38:07]}
17. c4 {[%clk 0:22:00]} Nf6 {[%clk 0:27:35]} 18. Ng5 {[%clk 0:21:56]} h6
{[%clk 0:26:25]} 19. Ne6 {[%clk 0:22:18]} fxe4 {[%clk 0:26:49]} 20. Bc2
{[%clk 0:22:40]} Ba6 {[%clk 0:23:53]} 21. Nxd8 {[%clk 0:22:13]} Bxc4+
{[%clk 0:24:18]} 22. Ke1 {[%clk 0:22:31]} Rxd8 {[%clk 0:23:10]} 23. Bxe4
{[%clk 0:16:52]} Bxa2 {[%clk 0:16:17]} 24. Ra1 {[%clk 0:16:48]} Bb3
{[%clk 0:16:21]} 25. Bc2 {[%clk 0:13:42]} Bxc2 {[%clk 0:15:12]} 26. Rxc2
{[%clk 0:14:09]} a5 {[%clk 0:15:21]} 27. Rb1 {[%clk 0:04:39]} Nxd5
{[%clk 0:10:46]} 28. Rd1 {[%clk 0:03:56]} Kf7 {[%clk 0:09:52]} 29. Bxc5
{[%clk 0:03:35]} bxc5 {[%clk 0:09:12]} 30. Rxc5 {[%clk 0:04:01]} Ke6
{[%clk 0:09:21]} 31. Rxa5 {[%clk 0:04:07]} Bf8 {[%clk 0:06:25]} 32. Ra6+
{[%clk 0:03:29]} Kf5 {[%clk 0:06:13]} 33. Rb1 {[%clk 0:01:49]} Nf4
{[%clk 0:06:09]} 34. g3 {[%clk 0:01:23]} Nd3+ {[%clk 0:02:36]} 35. Kf1
{[%clk 0:01:41]} Nc5 {[%clk 0:02:21]} 36. Rc6 {[%clk 0:01:38]} Ne4
{[%clk 0:02:39]} 37. Rb7 {[%clk 0:01:03]} Rd1+ {[%clk 0:01:29]} 38. Kg2
{[%clk 0:01:21]} Bd6 {[%clk 0:01:27]} 39. Rf7+ {[%clk 0:00:47]} Ke6
{[%clk 0:01:48]} 40. Rf3 {[%clk 0:30:37]} Rd2 {[%clk 0:32:06]} 41. Rb6
{[%clk 0:20:27]} Kd5 {[%clk 0:30:26]} 42. Rbb3 {[%clk 0:20:29]} Kc4
{[%clk 0:23:59]} 43. Rb6 {[%clk 0:14:36]} Bc5 {[%clk 0:20:57]} 44. Rxg6
{[%clk 0:14:14]} Nxf2 {[%clk 0:21:02]} 45. Kf1 {[%clk 0:13:21]} e4
{[%clk 0:20:39]} 46. Rf5 {[%clk 0:13:37]} Nd3 {[%clk 0:17:11]} 47. h4
{[%clk 0:09:02]} e3 {[%clk 0:15:07]} 48. Re6 {[%clk 0:08:28]} Bd4
{[%clk 0:10:36]} 49. Re8 {[%clk 0:04:08]} Nc5 {[%clk 0:09:50]} 50. Rf4
{[%clk 0:03:44]} Kd3 {[%clk 0:09:33]} 51. g4 {[%clk 0:02:38]} e2+
{[%clk 0:07:50]} 52. Rxe2 {[%clk 0:03:02]} Rxe2 {[%clk 0:08:17]} 53. Rxd4+
{[%clk 0:03:16]} Kxd4 {[%clk 0:08:44]} 54. Kxe2 {[%clk 0:03:43]} Ke4
{[%clk 0:09:08]} 55. Kd2 {[%clk 0:03:45]} Ne6 {[%clk 0:08:23]} 56. Kc3
{[%clk 0:03:48]} Kf4 {[%clk 0:08:41]} 57. g5 {[%clk 0:04:13]} Nxg5
{[%clk 0:08:25]} 58. hxg5 {[%clk 0:04:39]} hxg5 {[%clk 0:08:53]} 59. Kd2
{[%clk 0:05:01]} Kf3 {[%clk 0:09:10]} 60. Ke1 {[%clk 0:05:18]} Kg2
{[%clk 0:09:27]} 0-1

[Event "Limba Open M"]
[Site "Poronin"]
[Date "2021.05.28"]
[Round "9.6"]
[White "Malicka, Maria"]
[Black "Szpar, Milosz"]
[Result "0-1"]
[BlackElo "2416"]
[WhiteElo "2201"]
[LiveChessVersion "1.4.8"]

1. e4 {[%clk 1:30:57]} e6 {[%clk 1:26:23]} 2. d4 {[%clk 1:31:24]} d5
{[%clk 1:26:42]} 3. Nc3 {[%clk 1:31:50]} Nf6 {[%clk 1:26:59]} 4. e5
{[%clk 1:32:15]} Nfd7 {[%clk 1:27:23]} 5. f4 {[%clk 1:32:40]} c5 {[%clk 1:27:45]}
6. Nf3 {[%clk 1:33:07]} Nc6 {[%clk 1:28:02]} 7. Be3 {[%clk 1:33:32]} Be7
{[%clk 1:27:40]} 8. Qd2 {[%clk 1:33:37]} O-O {[%clk 1:27:43]} 9. dxc5
{[%clk 1:33:24]} Qa5 {[%clk 1:26:36]} 10. O-O-O {[%clk 1:33:18]} b6
{[%clk 1:25:11]} 11. Bb5 {[%clk 1:33:40]} Nb4 {[%clk 1:23:45]} 12. a3
{[%clk 1:33:49]} bxc5 {[%clk 1:22:42]} 13. Kb1 {[%clk 1:34:06]} Rb8
{[%clk 1:03:04]} 14. axb4 {[%clk 1:32:56]} cxb4 {[%clk 1:02:28]} 15. Nxd5
{[%clk 1:33:02]} exd5 {[%clk 1:02:29]} 16. Bxd7 {[%clk 1:33:26]} Bxd7
{[%clk 1:02:56]} 17. Qxd5 {[%clk 1:33:51]} Qxd5 {[%clk 1:03:19]} 18. Rxd5
{[%clk 1:34:17]} Bc6 {[%clk 1:03:46]} 19. Ra5 {[%clk 1:31:54]} Rfc8
{[%clk 1:04:11]} 20. Rc1 {[%clk 1:11:11]} Be4 {[%clk 0:50:33]} 21. Nd2
{[%clk 1:04:04]} Bxg2 {[%clk 0:49:31]} 22. Rxa7 {[%clk 1:04:28]} Bf8
{[%clk 0:47:39]} 23. f5 {[%clk 0:50:53]} Bh3 {[%clk 0:43:09]} 24. e6
{[%clk 0:40:46]} fxe6 {[%clk 0:41:20]} 25. f6 {[%clk 0:40:09]} Bf5
{[%clk 0:38:07]} 26. fxg7 {[%clk 0:36:52]} Bxg7 {[%clk 0:36:57]} 27. Nb3
{[%clk 0:36:36]} Rc4 {[%clk 0:34:32]} 28. Ra5 {[%clk 0:27:47]} Rbc8
{[%clk 0:26:17]} 29. Rc5 {[%clk 0:27:59]} R8xc5 {[%clk 0:26:01]} 30. Bxc5
{[%clk 0:28:21]} h5 {[%clk 0:23:01]} 31. Bf2 {[%clk 0:28:00]} Bh6
{[%clk 0:20:30]} 32. Rg1+ {[%clk 0:27:27]} Kh7 {[%clk 0:19:56]} 33. Ka2
{[%clk 0:25:24]} Rxc2 {[%clk 0:19:55]} 34. Bd4 {[%clk 0:21:17]} Rc8
{[%clk 0:09:07]} 35. Na1 {[%clk 0:13:30]} Rd8 {[%clk 0:04:57]} 36. Bc5
{[%clk 0:11:42]} Rd2 {[%clk 0:04:41]} 37. Bxb4 {[%clk 0:12:07]} Rxh2
{[%clk 0:05:06]} 38. Bc3 {[%clk 0:10:46]} Be4 {[%clk 0:04:58]} 39. Nb3
{[%clk 0:10:36]} Bd5 {[%clk 0:03:04]} 40. Ka3 {[%clk 0:41:00]} Bf8+
{[%clk 0:33:10]} 41. Ka4 {[%clk 0:40:50]} Rh4+ {[%clk 0:33:16]} 42. Nd4
{[%clk 0:40:12]} Bc5 {[%clk 0:33:11]} 0-1

[Event "Limba Open M"]
[Site "Poronin"]
[Date "2021.05.28"]
[Round "9.7"]
[White "Niedbala, Bartlomiej"]
[Black "Mis, Mieszko"]
[Result "1/2-1/2"]
[BlackElo "2365"]
[WhiteElo "2373"]
[LiveChessVersion "1.4.8"]

1. e4 {[%clk 1:25:54]} c5 {[%clk 1:27:40]} 2. Nf3 {[%clk 1:26:12]} e6
{[%clk 1:25:09]} 3. g3 {[%clk 1:26:38]} Nc6 {[%clk 1:21:06]} 4. Bg2
{[%clk 1:27:02]} Nf6 {[%clk 1:20:43]} 5. Qe2 {[%clk 1:27:24]} d6 {[%clk 1:20:23]}
6. O-O {[%clk 1:26:24]} Be7 {[%clk 1:15:39]} 7. Rd1 {[%clk 1:14:11]} O-O
{[%clk 1:11:11]} 8. d4 {[%clk 1:12:37]} cxd4 {[%clk 1:08:59]} 9. Nxd4
{[%clk 1:13:00]} Qc7 {[%clk 1:07:28]} 10. c4 {[%clk 1:08:18]} Nxd4
{[%clk 0:56:26]} 11. Rxd4 {[%clk 1:08:46]} e5 {[%clk 0:56:55]} 12. Rd1
{[%clk 1:06:57]} Bg4 {[%clk 0:57:07]} 13. f3 {[%clk 1:07:04]} Be6
{[%clk 0:57:33]} 14. b3 {[%clk 0:59:28]} b5 {[%clk 0:41:02]} 15. cxb5
{[%clk 0:55:49]} d5 {[%clk 0:41:09]} 16. exd5 {[%clk 0:47:47]} Nxd5
{[%clk 0:33:03]} 17. Kh1 {[%clk 0:41:11]} 1/2-1/2

[Event "Limba Open M"]
[Site "Poronin"]
[Date "2021.05.28"]
[Round "9.8"]
[White "Klim, Filip"]
[Black "Cukrowski, Filip"]
[Result "1/2-1/2"]
[BlackElo "2412"]
[WhiteElo "1828"]
[LiveChessVersion "1.4.8"]

1. e4 {[%clk 1:30:54]} c5 {[%clk 1:08:36]} 2. Nf3 {[%clk 1:31:12]} Nc6
{[%clk 1:09:01]} 3. d4 {[%clk 1:31:27]} cxd4 {[%clk 1:09:27]} 4. Nxd4
{[%clk 1:31:40]} Qb6 {[%clk 1:09:53]} 5. Nb3 {[%clk 1:31:07]} Nf6
{[%clk 1:09:06]} 6. Nc3 {[%clk 1:30:31]} e6 {[%clk 1:09:29]} 7. Qe2
{[%clk 1:29:48]} d6 {[%clk 1:00:17]} 8. Be3 {[%clk 1:25:44]} Qc7 {[%clk 1:00:42]}
9. O-O-O {[%clk 1:24:51]} a6 {[%clk 1:01:01]} 10. g4 {[%clk 1:15:30]} b5
{[%clk 0:56:39]} 11. g5 {[%clk 1:13:57]} Nd7 {[%clk 0:55:50]} 12. f4
{[%clk 1:09:35]} b4 {[%clk 0:41:35]} 13. Na4 {[%clk 1:05:13]} Na5
{[%clk 0:41:53]} 14. Kb1 {[%clk 0:55:52]} Be7 {[%clk 0:28:30]} 15. f5
{[%clk 0:42:33]} e5 {[%clk 0:28:10]} 16. g6 {[%clk 0:33:55]} fxg6
{[%clk 0:22:26]} 17. fxg6 {[%clk 0:33:33]} Nxb3 {[%clk 0:22:49]} 18. axb3
{[%clk 0:32:28]} Bb7 {[%clk 0:23:07]} 19. gxh7 {[%clk 0:27:45]} Rxh7
{[%clk 0:22:37]} 20. Qg2 {[%clk 0:26:19]} O-O-O {[%clk 0:18:37]} 21. Bc4
{[%clk 0:23:49]} Kb8 {[%clk 0:17:36]} 22. Bd5 {[%clk 0:18:48]} Rc8
{[%clk 0:16:51]} 23. Bxb7 {[%clk 0:16:52]} Qxb7 {[%clk 0:16:39]} 24. Rhf1
{[%clk 0:16:12]} Nf6 {[%clk 0:15:28]} 25. Nb6 {[%clk 0:15:16]} Rch8
{[%clk 0:12:23]} 26. Nd5 {[%clk 0:13:29]} Nxd5 {[%clk 0:11:43]} 27. Rxd5
{[%clk 0:12:55]} g5 {[%clk 0:12:03]} 28. Rh1 {[%clk 0:11:33]} Rh4
{[%clk 0:11:02]} 29. Bf2 {[%clk 0:09:36]} R4h6 {[%clk 0:11:03]} 30. Be3
{[%clk 0:09:24]} Rh4 {[%clk 0:11:26]} 31. Bf2 {[%clk 0:08:21]} R4h6
{[%clk 0:11:53]} 32. Bg3 1/2-1/2

[Event "Limba Open M"]
[Site "Poronin"]
[Date "2021.05.28"]
[Round "9.9"]
[White "Socko, Monika"]
[Black "Maj, Kornel"]
[Result "1/2-1/2"]
[BlackElo "2135"]
[WhiteElo "2421"]
[LiveChessVersion "1.4.8"]

1. c4 {[%clk 1:30:54]} Nf6 {[%clk 1:30:56]} 2. Nc3 {[%clk 1:31:19]} d5
{[%clk 1:30:50]} 3. cxd5 {[%clk 1:31:41]} Nxd5 {[%clk 1:31:16]} 4. g3
{[%clk 1:31:58]} g6 {[%clk 1:30:16]} 5. Bg2 {[%clk 1:32:22]} Nxc3
{[%clk 1:30:42]} 6. bxc3 {[%clk 1:32:47]} Bg7 {[%clk 1:31:02]} 7. Rb1
{[%clk 1:30:55]} c6 {[%clk 1:28:45]} 8. Nf3 {[%clk 1:30:53]} O-O {[%clk 1:28:51]}
9. O-O {[%clk 1:31:17]} Qa5 {[%clk 1:27:27]} 10. Qc2 {[%clk 1:30:13]} Nd7
{[%clk 1:26:23]} 11. c4 {[%clk 1:24:31]} e5 {[%clk 1:22:42]} 12. d3
{[%clk 1:23:09]} Re8 {[%clk 1:22:17]} 13. Bd2 {[%clk 1:16:51]} Qc7
{[%clk 1:21:24]} 14. Rfd1 {[%clk 1:11:46]} Nc5 {[%clk 1:19:46]} 15. Bb4
{[%clk 1:11:09]} Ne6 {[%clk 1:19:51]} 16. e3 {[%clk 1:10:07]} b6 {[%clk 1:13:41]}
17. Nd2 {[%clk 1:04:21]} f5 {[%clk 1:04:41]} 18. c5 {[%clk 0:52:25]} b5
{[%clk 1:03:00]} 19. a4 {[%clk 0:52:27]} a6 {[%clk 1:02:18]} 20. Ba5
{[%clk 0:44:34]} Qd7 {[%clk 0:58:29]} 21. Nb3 {[%clk 0:39:46]} f4
{[%clk 0:56:26]} 22. Nd2 {[%clk 0:33:18]} Ng5 {[%clk 0:52:14]} 23. Qb3+
{[%clk 0:26:44]} Kh8 {[%clk 0:52:05]} 24. Ne4 {[%clk 0:26:55]} Nxe4
{[%clk 0:50:16]} 25. dxe4 {[%clk 0:26:30]} Qg4 {[%clk 0:50:19]} 26. exf4
{[%clk 0:24:51]} exf4 {[%clk 0:50:15]} 27. Bc3 {[%clk 0:25:00]} Be6
{[%clk 0:49:49]} 28. Bxg7+ {[%clk 0:24:34]} Kxg7 {[%clk 0:50:15]} 29. Qc3+
{[%clk 0:24:54]} Kg8 {[%clk 0:32:02]} 30. Rd6 {[%clk 0:25:18]} Rad8
{[%clk 0:31:44]} 31. axb5 {[%clk 0:19:19]} axb5 {[%clk 0:31:46]} 32. Bf3
{[%clk 0:17:43]} Qh3 {[%clk 0:30:29]} 33. Rxc6 {[%clk 0:17:19]} Bc4
{[%clk 0:29:43]} 34. Rc7 {[%clk 0:16:08]} Rd7 {[%clk 0:29:26]} 35. Rxd7
{[%clk 0:15:14]} Qxd7 {[%clk 0:29:51]} 36. gxf4 {[%clk 0:13:41]} Qh3
{[%clk 0:28:01]} 37. Qe3 {[%clk 0:12:47]} Rd8 {[%clk 0:28:07]} 38. Bg2
{[%clk 0:10:53]} Qxe3 {[%clk 0:25:18]} 39. fxe3 {[%clk 0:11:22]} Rc8
{[%clk 0:25:14]} 40. Bf1 {[%clk 0:41:46]} Bxf1 {[%clk 0:48:16]} 41. Kxf1
{[%clk 0:42:12]} Rxc5 {[%clk 0:45:18]} 42. Ke2 {[%clk 0:42:39]} Rc2+
{[%clk 0:41:53]} 43. Kd3 {[%clk 0:43:05]} Rxh2 {[%clk 0:42:19]} 44. Rxb5
{[%clk 0:43:33]} h5 {[%clk 0:39:11]} 45. e5 {[%clk 0:42:08]} Kf7 46. Rb7+
{[%clk 0:38:36]} Ke6 {[%clk 0:33:28]} 47. e4 {[%clk 0:28:16]} Rf2
{[%clk 0:25:40]} 48. Rb6+ {[%clk 0:26:16]} Kf7 {[%clk 0:21:37]} 49. Rf6+
{[%clk 0:24:40]} Kg7 {[%clk 0:18:23]} 50. f5 {[%clk 0:22:29]} gxf5
{[%clk 0:18:36]} 51. exf5 {[%clk 0:22:53]} h4 {[%clk 0:17:39]} 52. Rg6+
{[%clk 0:16:53]} Kf8 {[%clk 0:09:30]} 53. Rf6+ {[%clk 0:08:00]} Kg7
{[%clk 0:06:17]} 54. Rg6+ {[%clk 0:06:25]} Kf8 {[%clk 0:06:41]} 55. Ke4
{[%clk 0:06:08]} h3 {[%clk 0:06:40]} 56. Rh6 {[%clk 0:06:04]} h2 {[%clk 0:07:04]}
57. Kd5 {[%clk 0:05:26]} Rxf5 {[%clk 0:06:22]} 58. Rxh2 {[%clk 0:05:45]} Rf1
{[%clk 0:05:03]} 59. Kd6 {[%clk 0:05:25]} Ra1 {[%clk 0:04:23]} 60. Rh8+
{[%clk 0:05:45]} Kg7 {[%clk 0:04:34]} 61. Rd8 {[%clk 0:05:41]} Ra6+
{[%clk 0:03:03]} 62. Ke7 {[%clk 0:06:05]} Ra7+ {[%clk 0:02:31]} 63. Rd7
{[%clk 0:06:29]} Ra8 {[%clk 0:02:04]} 64. e6 {[%clk 0:06:16]} Kg6
{[%clk 0:02:22]} 65. Rc7 {[%clk 0:06:01]} Kg7 66. Rb7 {[%clk 0:05:39]} Kg6
{[%clk 0:02:53]} 67. Kd6 {[%clk 0:04:57]} Kf6 {[%clk 0:02:48]} 68. Kd7
{[%clk 0:02:54]} Kg7 {[%clk 0:02:26]} 69. Ke7 {[%clk 0:02:22]} Kg6
{[%clk 0:02:45]} 70. Rc7 {[%clk 0:02:43]} Kg7 {[%clk 0:03:03]} 71. Rc2
{[%clk 0:01:58]} Ra7+ {[%clk 0:02:23]} 72. Kd6 {[%clk 0:02:24]} Ra6+
{[%clk 0:01:37]} 73. Rc6 {[%clk 0:02:47]} Ra8 74. Rc4 {[%clk 0:02:27]} Ra6+
{[%clk 0:02:01]} 75. Kd7 {[%clk 0:02:36]} Ra7+ {[%clk 0:01:05]} 76. Rc7
{[%clk 0:02:24]} Ra8 {[%clk 0:01:25]} 77. Ke7 {[%clk 0:02:23]} Kg6
{[%clk 0:01:41]} 78. Rc6 {[%clk 0:01:59]} Kg7 {[%clk 0:01:35]} 79. Rc1
{[%clk 0:01:21]} Ra7+ {[%clk 0:02:01]} 80. Kd6 {[%clk 0:01:17]} Ra6+
{[%clk 0:02:23]} 81. Rc6 {[%clk 0:00:59]} Ra8 {[%clk 0:02:46]} 82. Ke7
{[%clk 0:01:21]} Kg6 {[%clk 0:02:43]} 83. Kd7 {[%clk 0:01:33]} Kf6
{[%clk 0:02:35]} 84. Rc7 {[%clk 0:01:36]} Rb8 {[%clk 0:02:16]} 85. Ra7
{[%clk 0:01:25]} Kg7 {[%clk 0:00:52]} 86. Kc7 {[%clk 0:01:08]} Re8
{[%clk 0:00:53]} 87. Kd6+ {[%clk 0:01:09]} Kf6 {[%clk 0:01:06]} 88. Rf7+
{[%clk 0:01:32]} Kg6 {[%clk 0:01:19]} 89. Rf1 Ra8 {[%clk 0:01:24]} 90. e7
{[%clk 0:00:53]} Kg7 91. Kc6 {[%clk 0:01:03]} Ra6+ {[%clk 0:01:26]} 92. Kc7
{[%clk 0:01:18]} Ra7+ {[%clk 0:01:43]} 93. Kd6 {[%clk 0:01:42]} Ra6+
{[%clk 0:02:02]} 94. Kd5 {[%clk 0:02:07]} Ra5+ {[%clk 0:02:17]} 95. Ke6
{[%clk 0:02:06]} Ra6+ {[%clk 0:02:42]} 96. Kd7 {[%clk 0:02:18]} Ra7+
{[%clk 0:03:08]} 97. Kd6 {[%clk 0:02:22]} Ra6+ {[%clk 0:03:33]} 98. Kd5
{[%clk 0:02:44]} Ra5+ {[%clk 0:04:00]} 99. Kc6 {[%clk 0:03:07]} Ra6+
{[%clk 0:04:22]} 100. Kd5 {[%clk 0:02:36]} 1/2-1/2